<?xml version="1.0" encoding="UTF-8"?>
<collection xmlns:xsi="http://www.w3.org/2001/XMLSchema-instance" xsi:schemaLocation="http://www.loc.gov/MARC21/slim http://www.loc.gov/standards/marcxml/schema/MARC21slim.xsd" xmlns="http://www.loc.gov/MARC21/slim">
 <record>
  <leader>00000ctm a22000003i 4500</leader>
  <controlfield tag="001">UP-99796217613942770</controlfield>
  <controlfield tag="003">Buklod</controlfield>
  <controlfield tag="005">20230623145110.0</controlfield>
  <controlfield tag="006">a     r    |||| u|</controlfield>
  <controlfield tag="007">ta</controlfield>
  <controlfield tag="008">230623s2020    ph     grm   |||| ||eng |</controlfield>
  <datafield tag="035" ind1=" " ind2=" ">
   <subfield code="a">(iLib)UPD-00533073244</subfield>
  </datafield>
  <datafield tag="040" ind1="0" ind2=" ">
   <subfield code="a">DCHE</subfield>
   <subfield code="e">rda</subfield>
  </datafield>
  <datafield tag="041" ind1="0" ind2=" ">
   <subfield code="a">eng</subfield>
  </datafield>
  <datafield tag="042" ind1=" " ind2=" ">
   <subfield code="a">DMLUC</subfield>
  </datafield>
  <datafield tag="090" ind1="0" ind2="0">
   <subfield code="a">LG 993.5 2020 C56</subfield>
   <subfield code="b">D38</subfield>
  </datafield>
  <datafield tag="100" ind1="1" ind2=" ">
   <subfield code="a">David, Joanna Rizza A.</subfield>
   <subfield code="e">author.</subfield>
  </datafield>
  <datafield tag="245" ind1="1" ind2="2">
   <subfield code="a">A Research concept paper</subfield>
   <subfield code="b">multiple case study on the performance-related need of home-based garment manufacturing micro-enterprises in the National Capital Region (NCR)</subfield>
   <subfield code="c">Joanna Rizza A. David ; Candy Mae Maristela, adviser.</subfield>
  </datafield>
  <datafield tag="264" ind1=" " ind2="1">
   <subfield code="a">Quezon City</subfield>
   <subfield code="b">College of Home Economics, University of the Philippines Diliman</subfield>
   <subfield code="c">2020.</subfield>
  </datafield>
  <datafield tag="300" ind1=" " ind2=" ">
   <subfield code="a">viii, 68 leaves +</subfield>
   <subfield code="c">28 cm.</subfield>
   <subfield code="e">1 CD ROM (4 ¾ in.)</subfield>
  </datafield>
  <datafield tag="336" ind1=" " ind2=" ">
   <subfield code="a">text</subfield>
   <subfield code="2">rdacontent</subfield>
  </datafield>
  <datafield tag="337" ind1=" " ind2=" ">
   <subfield code="a">unmediated</subfield>
   <subfield code="2">rdamedia</subfield>
  </datafield>
  <datafield tag="338" ind1=" " ind2=" ">
   <subfield code="a">volume</subfield>
   <subfield code="2">rdacarrier</subfield>
  </datafield>
  <datafield tag="500" ind1=" " ind2=" ">
   <subfield code="a">Thesis Classification: F (Available for Public)</subfield>
  </datafield>
  <datafield tag="502" ind1=" " ind2=" ">
   <subfield code="a">Thesis</subfield>
   <subfield code="b">B.S. Clothing Technology</subfield>
   <subfield code="c">University of the Philippines Diliman</subfield>
   <subfield code="d">20 June 2020.</subfield>
  </datafield>
  <datafield tag="504" ind1=" " ind2=" ">
   <subfield code="a">Includes bibliographical references and appendices.</subfield>
  </datafield>
  <datafield tag="520" ind1="0" ind2=" ">
   <subfield code="a">The micro-enterprise sector continues to generate millions of jobs for Filipinos. Their contribution to the national economy is valuable, yet, reports show cases of exploitation and meager working conditions (Lazo, 1992). In the garments and textiles industry, home-based micro-enterprise are usually at the bottom-most of the supply chain. Most of the micro-enterprises in the industry are limited to subcontracting for medium to large companies which result to very minimal profit. This research concept paper proposes a methodology on identifying and analyzing the performance-related needs of home-based garment manufacturing micro-enterprises in the National Capital Region (NCR). Addressing these needs is not only beneficial to the enterprise but also to the industry as a whole. Additionally, this could contribute the govenrment's Micro, Small, and Medium Enterprises (MSME) development plan. Other literary works discussed in this research concept work revolve arount the history of the Philippine garments industry, the concepts of homeworking, subcontracting, resource management and garment manufacturing, and studies on job satisfaction. A qualitative comparison of the micro-enterprise's &quot;Current Performance&quot; and &quot;Ideal Performance&quot; shall serve as the conceptual framework of the multiple case study. This is anchored from scholarly claims about how job satisfaction is a function between &quot;what is obtained&quot; and &quot;what is wanted&quot;. The job satisfaction results, in terms to human, physical, and organizational resources, shall be used as the parameters to determine the performance-related needs of the micro-enterprise. Lastly, a proposed methodology with instrument shall be laid out for future reference. This includes recommendations on data gathering and possible themes for data presentation and data analysis.</subfield>
  </datafield>
  <datafield tag="650" ind1=" " ind2="0">
   <subfield code="a">Home-based businesses</subfield>
   <subfield code="z">Philippines.</subfield>
  </datafield>
  <datafield tag="650" ind1=" " ind2="0">
   <subfield code="a">Clothing trade</subfield>
   <subfield code="z">Philippines.</subfield>
  </datafield>
  <datafield tag="700" ind1="1" ind2=" ">
   <subfield code="a">Maristela, Candy Mae</subfield>
   <subfield code="e">adviser.</subfield>
  </datafield>
  <datafield tag="842" ind1=" " ind2=" ">
   <subfield code="a">Thesis</subfield>
  </datafield>
  <datafield tag="905" ind1=" " ind2=" ">
   <subfield code="a">FI</subfield>
  </datafield>
  <datafield tag="905" ind1=" " ind2=" ">
   <subfield code="a">UP</subfield>
  </datafield>
  <datafield tag="852" ind1="0" ind2=" ">
   <subfield code="a">UPD</subfield>
   <subfield code="b">DCHE</subfield>
   <subfield code="h">LG 993.5 2020 C56</subfield>
   <subfield code="i">D38</subfield>
  </datafield>
  <datafield tag="942" ind1=" " ind2=" ">
   <subfield code="a">Thesis</subfield>
  </datafield>
 </record>
</collection>
